000 00899nab a22002177a 4500
003 BR-BrBNA
005 20240311224705.0
008 240311b bl.||||| |||| 00| 0 por d
040 _aBR-BrBNA
_bpor
072 _aC20 ; E51
100 _aTassinari, Geraldo
111 _a1. Seminário de Comunicação Rural da Região Sudeste do Brasil
_cCampinas, SP (Brasil)
_d21-25 Jul 1980
245 _aO rádio no meio rural
500 _a1 illus.
650 _aCOMUNICAÇÃO DE MASSA
650 _aRÁDIO
650 _aPOPULAÇÃO RURAL
773 0 _01330
_9275253
_dCampinas-SP Coordenadoria de Assistência Técnica Integral - CATI - Centro de Comunicação Rural e Treinamento - CECORT 1979. Data final de publicação em 1990
_o2023-437059
_tCasa da Agricultura (Brazil)
_x0100-6541
_gspecial number p. 49-50 (Jan 1981)
_wBR2024000209
942 _cAnalítica
999 _c298757
_d298757